|
|
|
|
| LEADER |
01402cam a2200373Ia 4500 |
| 001 |
9780203633717 |
| 003 |
FlBoTFG |
| 005 |
20091230162920.0 |
| 006 |
a|||||s||||||||||| |
| 007 |
cr|||| |
| 008 |
030317s2004 enkab sb 001 0 eng d |
| 020 |
|
|
|a 9780203633717 (e-book : PDF)
|
| 040 |
|
|
|a FlBoTFG
|c FlBoTFG
|d GrThAP
|
| 043 |
|
|
|a e-sp---
|
| 090 |
|
|
|a DP95
|b .C87 2004
|
| 092 |
|
|
|a 936.603
|b C975
|
| 100 |
1 |
|
|a Curchin, Leonard A.,
|d 1950-
|
| 245 |
1 |
4 |
|a The romanization of central Spain
|h [electronic resource] :
|b complexity, diversity, and change in a provincial hinterland /
|c Leonard A. Curchin.
|
| 260 |
|
|
|a London ;
|a New York :
|b Routledge,
|c 2004.
|
| 300 |
|
|
|a xi, 300 p. :
|b ill., maps.
|
| 490 |
1 |
|
|a [Routledge classical monographs]
|
| 500 |
|
|
|a Series from jacket.
|
| 504 |
|
|
|a Includes bibliographical references (p. 253-292) and index.
|
| 530 |
|
|
|a Also available in print edition.
|b CRC Press (http://www.crcpress.com)
|
| 538 |
|
|
|a Mode of access: World Wide Web.
|
| 650 |
|
0 |
|a Celtiberi.
|
| 650 |
|
0 |
|a Excavations (Archaeology)
|z Spain.
|
| 650 |
|
0 |
|a Acculturation
|z Spain
|x History.
|
| 651 |
|
0 |
|a Spain
|x History
|y Roman period, 218 B.C.-414 A.D.
|
| 651 |
|
0 |
|a Spain
|x Antiquities.
|
| 655 |
|
7 |
|a Electronic books.
|2 lcsh
|
| 776 |
1 |
|
|z 9780415285483
|
| 830 |
|
0 |
|a Routledge classical monographs.
|
| 856 |
4 |
0 |
|u http://www.tandfebooks.com/isbn/9780203633717
|z Full Text via HEAL-Link
|